[Event "Titled Tuesday intern op 11th Jan"]
[Site "Chess.com INT"]
[Date "2022.01.11"]
[Round "10"]
[White "Tirado Veliz, Henry Jose"]
[Black "Bashirli, Saadat"]
[Result "1-0"]
[WhiteElo "2030"]
[BlackElo "1421"]
[PlyCount "61"]
[EventDate "2022.01.11"]
[EventType "swiss (blitz)"]
[EventRounds "11"]
[EventCountry "USA"]
[SourceTitle "CBM 206 Extra"]
[Source "ChessBase"]
[SourceDate "2022.03.31"]
[SourceVersion "1"]
[SourceVersionDate "2022.03.31"]
[SourceQuality "1"]

1. e4 c5 2. Nf3 g6 3. d4 cxd4 4. Qxd4 Nf6 5. e5 Nc6 6. Qd3 Nb4 7. Qb3 Qa5 8. Bd2 Nfd5 9. a3 e6 10. Bc4 Be7 11. Bxd5 Qxd5 12. axb4 Qe4+ 13. Qe3 Qxc2 14. Bc3 Qb3 15. Nbd2 Qd5 16. 0-0 b6 17. Ne4 Bb7 18. Nd6+ Bxd6 19. exd6 0-0 20. Rfd1 Qf5 21. Rd4 Rae8 22. Rh4 h5 23. Rf4 Qd5 24. Rd4 Qf5 25. Nh4 Qb5 26. Qh6 e5 27. Rd2 Re6 28. Re1 Qc4 29. Nf3 Qg4 30. Re3 e4 31. Qg7# 1-0

[Event "Titled Tuesday intern op 04th Jan"]
[Site "Chess.com INT"]
[Date "2022.01.04"]
[Round "4"]
[White "Estrada Nieto, Julian"]
[Black "Tirado Veliz, Henry Jose"]
[Result "1-0"]
[WhiteElo "2253"]
[BlackElo "2030"]
[PlyCount "81"]
[EventDate "2022.01.04"]
[EventType "swiss (blitz)"]
[EventRounds "11"]
[EventCountry "USA"]
[SourceTitle "EXT 2023"]
[Source "ChessBase"]
[SourceDate "2022.10.05"]
[SourceVersion "1"]
[SourceVersionDate "2022.10.05"]
[SourceQuality "1"]

1. e4 c5 2. Nf3 Nc6 3. Bb5 g6 4. Bxc6 dxc6 5. d3 Bg7 6. h3 Nf6 7. Nc3 0-0 8. Be3 b6 9. Qd2 e5 10. Bh6 Qd6 11. Bxg7 Kxg7 12. 0-0 Nh5 13. Ne2 f6 14. a4 a5 15. Nh2 Bd7 16. f4 exf4 17. Nxf4 Nxf4 18. Qxf4 Qxf4 19. Rxf4 Rae8 20. b3 f5 21. exf5 Rxf5 22. Rxf5 Bxf5 23. Kf2 g5 24. Nf3 g4 25. hxg4 Bxg4 26. Re1 Rxe1 27. Nxe1 Kf6 28. Kg3 Bd1 29. Kf4 Ke6 30. Ke3 Ke5 31. g3 h5 32. Kd2 Bg4 33. Ng2 Bf3 34. Nh4 Bg4 35. c3 Kf6 36. Ng2 Kg5 37. Ne3 Bf3 38. Ke1 h4 39. gxh4+ Kxh4 40. Nc4 b5 41. Nxa5 1-0

[Event "Manizales Las Americas op-A"]
[Site "Manizales"]
[Date "2021.10.17"]
[Round "7"]
[White "Montilla Reyes, Jorcerys"]
[Black "Tirado Veliz, Henry Jose"]
[Result "1-0"]
[WhiteElo "2136"]
[BlackElo "2101"]
[PlyCount "74"]
[EventDate "2021.10.14"]
[EventType "swiss"]
[EventRounds "10"]
[EventCountry "COL"]
[SourceTitle "CBM 204 Extra"]
[Source "ChessBase"]
[SourceDate "2021.11.30"]
[SourceVersion "1"]
[SourceVersionDate "2021.11.30"]
[SourceQuality "1"]

1. d4 Nf6 2. c4 g6 3. Nc3 Bg7 4. e4 d6 5. f4 0-0 6. Nf3 c5 7. d5 e6 8. Be2 exd5 9. cxd5 Re8 10. Nd2 Nbd7 11. 0-0 a6 12. a4 b6 13. Re1 Rb8 14. Bf1 Qc7 15. Nf3 h6 16. h3 Bb7 17. Bc4 Nh7 18. Qd3 Ra8 19. Be3 Qd8 20. Bf2 g5 21. Bg3 gxf4 22. Bxf4 Qf6 23. Qd2 Bc8 24. Rf1 Ra7 25. Rae1 Nhf8 26. Kh2 Ne5 27. Nxe5 dxe5 28. Be3 Qd6 29. Rf3 Kh7 30. Ref1 Ree7 31. Ne2 Ng6 32. Bd3 Nh4 33. R3f2 Qd7 34. Ng3 Qxa4 35. Nh5 Qb4 36. Qxb4 cxb4 37. Bxb6 Rab7 1-0

[Event "Soacha op-A"]
[Site "Soacha"]
[Date "2021.09.11"]
[Round "8"]
[White "Tirado Veliz, Henry Jose"]
[Black "Sanchez Alvares, Kelvin Antonio"]
[Result "0-1"]
[WhiteElo "2080"]
[BlackElo "2217"]
[PlyCount "74"]
[EventDate "2021.09.08"]
[EventType "swiss"]
[EventRounds "10"]
[EventCountry "COL"]
[SourceTitle "CBM 204 Extra"]
[Source "ChessBase"]
[SourceDate "2021.11.30"]
[SourceVersion "1"]
[SourceVersionDate "2021.11.30"]
[SourceQuality "1"]

1. c4 Nf6 2. Nc3 b6 3. Nf3 Bb7 4. b3 c5 5. Bb2 e6 6. e3 d6 7. Be2 Nbd7 8. 0-0 Be7 9. d4 a6 10. Qc2 0-0 11. Nd2 Rc8 12. Bf3 Qc7 13. Bxb7 Qxb7 14. Qd3 Qb8 15. Nf3 Rfd8 16. Qe2 Bf8 17. Rfd1 Qb7 18. h3 Ne4 19. Nxe4 Qxe4 20. Qd3 Qxd3 21. Rxd3 b5 22. cxb5 axb5 23. dxc5 Nxc5 24. Rdd1 Ra8 25. Nd4 Rdb8 26. Bc3 d5 27. Be1 h6 28. Kf1 Ra6 29. Nc2 Rba8 30. a3 Nxb3 31. Rab1 Na5 32. Rxb5 Nc4 33. Rdb1 Bxa3 34. Nxa3 Rxa3 35. Rb8+ Rxb8 36. Rxb8+ Kh7 37. Rc8 Ra2 0-1

[Event "Soacha op-A"]
[Site "Soacha"]
[Date "2021.09.10"]
[Round "5"]
[White "Ruiz Aguilar, Pablo Alexander"]
[Black "Tirado Veliz, Henry Jose"]
[Result "0-1"]
[WhiteElo "2203"]
[BlackElo "2080"]
[PlyCount "77"]
[EventDate "2021.09.08"]
[EventType "swiss"]
[EventRounds "10"]
[EventCountry "COL"]
[SourceTitle "CBM 204 Extra"]
[Source "ChessBase"]
[SourceDate "2021.11.30"]
[SourceVersion "1"]
[SourceVersionDate "2021.11.30"]
[SourceQuality "1"]

1. e4 c5 2. Nf3 d6 3. d4 cxd4 4. Nxd4 Nf6 5. Nc3 a6 6. Be2 e5 7. Nb3 Be7 8. 0-0 0-0 9. a4 b6 10. f4 Nbd7 11. Kh1 Bb7 12. Bf3 Rc8 13. Qe1 Rc7 14. f5 Qa8 15. Bg5 h6 16. Bh4 Rfc8 17. Nd2 Rxc3 18. bxc3 Rxc3 19. Ra2 Qc8 20. Bd1 Bf8 21. Rf3 d5 22. Rb2 dxe4 23. Rxc3 Qxc3 24. Rb3 Qc6 25. a5 b5 26. Nf1 Nc5 27. Rg3 Nd5 28. Ne3 Nxe3 29. Qxe3 Qd7 30. Bg4 Qd4 31. Qe1 Na4 32. Bh5 Bd5 33. Bf6 Kh7 34. c3 Nxc3 35. Bxg7 Bxg7 36. Qxc3 b4 37. Qc1 b3 38. h3 b2 39. Qc8 0-1

[Event "Titled Tuesday intern op 02nd Feb"]
[Site "Chess.com INT"]
[Date "2021.02.02"]
[Round "3"]
[White "Tirado Veliz, Henry Jose"]
[Black "Manukian, Artak"]
[Result "0-1"]
[WhiteElo "2080"]
[BlackElo "2196"]
[PlyCount "66"]
[EventDate "2021.02.02"]
[EventType "swiss (blitz)"]
[EventRounds "11"]
[EventCountry "USA"]
[SourceTitle "CBM 200 Extra"]
[Source "ChessBase"]
[SourceDate "2021.03.31"]
[SourceVersion "1"]
[SourceVersionDate "2021.03.31"]
[SourceQuality "1"]

1. e4 c6 2. d4 d5 3. Nc3 dxe4 4. Nxe4 Nf6 5. Ng3 Bg4 6. Be2 Bxe2 7. N1xe2 e6 8. 0-0 Bd6 9. c3 Nbd7 10. Bf4 Bxf4 11. Nxf4 0-0 12. Nd3 b5 13. Qe2 a5 14. Ne4 Nxe4 15. Qxe4 Qb6 16. Ne5 Nxe5 17. Qxe5 Rfd8 18. Rad1 Rd5 19. Qe4 Rad8 20. Qg4 b4 21. Qe2 c5 22. dxc5 Qxc5 23. cxb4 axb4 24. h3 h5 25. Rxd5 Qxd5 26. b3 g6 27. Rc1 Qd2 28. Rc2 Qxe2 29. Rxe2 Kf8 30. Re4 Rb8 31. Kf1 Ke7 32. Ke2 f5 33. Kd3 fxe4+ 0-1

[Event "Titled Tuesday intern op 02nd Feb"]
[Site "Chess.com INT"]
[Date "2021.02.02"]
[Round "2"]
[White "Tirado Veliz, Henry Jose"]
[Black "Perez Leiva, Jerzy Jesus"]
[Result "0-1"]
[WhiteElo "2080"]
[BlackElo "2384"]
[PlyCount "80"]
[EventDate "2021.02.02"]
[EventType "swiss (blitz)"]
[EventRounds "11"]
[EventCountry "USA"]
[SourceTitle "CBM 200 Extra"]
[Source "ChessBase"]
[SourceDate "2021.03.31"]
[SourceVersion "1"]
[SourceVersionDate "2021.03.31"]
[SourceQuality "1"]

1. e4 c6 2. d4 d5 3. Nc3 dxe4 4. Nxe4 Nf6 5. Ng3 Bg4 6. Be2 Bxe2 7. N3xe2 Nbd7 8. Nf3 Qc7 9. Bf4 Qa5+ 10. c3 e6 11. 0-0 Be7 12. Nc1 0-0 13. Nd3 Rad8 14. Qe2 c5 15. Nde5 cxd4 16. Nxd4 Nd5 17. Bg3 Nxe5 18. Bxe5 Bd6 19. Bxd6 Rxd6 20. Qe5 Qd8 21. Rad1 Nb6 22. Qe2 a6 23. Rd2 Qc7 24. Rfd1 Rfd8 25. Nf3 f6 26. h3 e5 27. Kf1 R8d7 28. Ke1 Nd5 29. g3 b5 30. Qe4 Qd8 31. Ke2 g6 32. Qc2 e4 33. Nd4 e3 34. fxe3 Re7 35. Rd3 Qe8 36. Kf2 Rxe3 37. Rxe3 Qxe3+ 38. Kg2 Qg5 39. Qf2 Ne3+ 40. Kh2 Nxd1 0-1

[Event "Titled Tuesday intern op 26th Jan"]
[Site "Chess.com INT"]
[Date "2021.01.26"]
[Round "11"]
[White "Tirado Veliz, Henry Jose"]
[Black "Ronka, Erik"]
[Result "0-1"]
[WhiteElo "2080"]
[BlackElo "2303"]
[PlyCount "92"]
[EventDate "2021.01.26"]
[EventType "swiss (blitz)"]
[EventRounds "11"]
[EventCountry "USA"]
[SourceTitle "CBM 200 Extra"]
[Source "ChessBase"]
[SourceDate "2021.03.31"]
[SourceVersion "1"]
[SourceVersionDate "2021.03.31"]
[SourceQuality "1"]

1. e4 c5 2. Nc3 h5 3. h4 g6 4. g3 Bg7 5. Bg2 b6 6. Nh3 Bb7 7. Nf4 d6 8. d3 Nd7 9. Be3 e5 10. Nfd5 f5 11. Bg5 Qc8 12. 0-0 Ngf6 13. Qd2 Nxd5 14. Nxd5 Bxd5 15. exd5 0-0 16. Be7 Rf7 17. Bxd6 Qd8 18. f4 e4 19. dxe4 fxe4 20. Bxe4 Nf6 21. Bxg6 Qxd6 22. Bxf7+ Kxf7 23. c4 Ng4 24. Rae1 Re8 25. Rxe8 Kxe8 26. Re1+ Kf8 27. Qd3 Qf6 28. Re6 Qxb2 29. Qf5+ Bf6 30. Rxf6+ Nxf6 31. d6 Qd4+ 32. Kg2 Qxd6 33. Qc8+ Ke7 34. Qb7+ Qd7 35. Qf3 Qd2+ 36. Kh3 Qd7+ 37. f5 Qd4 38. Qb7+ Nd7 39. Qf3 Nf6 40. Qb7+ Kf8 41. Qb8+ Kg7 42. Qxa7+ Kh6 43. Qf7 Qg4+ 44. Kg2 Qxf5 45. Qf8+ Kg6 46. Qc8 Qxc8 0-1

[Event "Titled Tuesday intern op 26th Jan"]
[Site "Chess.com INT"]
[Date "2021.01.26"]
[Round "9"]
[White "Tirado Veliz, Henry Jose"]
[Black "Vifleemskaia, Svetlana"]
[Result "0-1"]
[WhiteElo "2080"]
[BlackElo "1926"]
[PlyCount "128"]
[EventDate "2021.01.26"]
[EventType "swiss (blitz)"]
[EventRounds "11"]
[EventCountry "USA"]
[SourceTitle "CBM 200 Extra"]
[Source "ChessBase"]
[SourceDate "2021.03.31"]
[SourceVersion "1"]
[SourceVersionDate "2021.03.31"]
[SourceQuality "1"]

1. e4 e5 2. Nc3 Nf6 3. g3 d5 4. exd5 Nxd5 5. Bg2 Be6 6. Nge2 Nc6 7. 0-0 Bc5 8. d3 0-0 9. h3 Qd7 10. Kh2 Rad8 11. Ne4 Be7 12. Ng5 Bxg5 13. Bxg5 f6 14. Bd2 a5 15. Nc3 Nd4 16. Ne4 b6 17. c3 Nc6 18. Qe2 Nde7 19. Rad1 Qxd3 20. Qe1 Qc2 21. Bc1 Rxd1 22. Qxd1 Qxd1 23. Rxd1 Rd8 24. Rxd8+ Nxd8 25. b3 h6 26. f4 f5 27. Nf2 e4 28. Be3 Kf7 29. Nd1 Ndc6 30. Kg1 Nd5 31. Bd2 b5 32. Ne3 Nxe3 33. Bxe3 b4 34. c4 a4 35. Kf2 axb3 36. axb3 Ke7 37. Bc5+ Kf7 38. Ke3 Kf6 39. Bf1 g5 40. Be2 Kg6 41. h4 g4 42. Bd1 h5 43. Bc2 Kf6 44. Bd1 Bf7 45. Be2 Ke6 46. Bd1 Kd7 47. Be2 Na5 48. Bxb4 Nxb3 49. Bf8 Kc6 50. Bd1 Bxc4 51. Bxb3 Bxb3 52. Kd4 Kd7 53. Ke5 e3 54. Bb4 Be6 55. Kd4 e2 56. Ke3 Bc4 57. Kd4 Ba6 58. Ke5 Bd3 59. Kd4 Be4 60. Ke3 Bf3 61. Kd4 Ke6 62. Be1 Kd6 63. Bb4+ Ke6 64. Be1 c6 0-1

[Event "Titled Tuesday intern op 19th Jan"]
[Site "Chess.com INT"]
[Date "2021.01.19"]
[Round "4"]
[White "Sumaneev, Dmitry"]
[Black "Tirado Veliz, Henry Jose"]
[Result "0-1"]
[WhiteElo "2450"]
[BlackElo "2080"]
[PlyCount "108"]
[EventDate "2021.01.19"]
[EventType "swiss (blitz)"]
[EventRounds "11"]
[EventCountry "USA"]
[SourceTitle "CBM 200 Extra"]
[Source "ChessBase"]
[SourceDate "2021.03.31"]
[SourceVersion "1"]
[SourceVersionDate "2021.03.31"]
[SourceQuality "1"]

1. e4 e5 2. Nc3 Nc6 3. g3 g6 4. Bg2 Bg7 5. Nge2 Nge7 6. 0-0 0-0 7. Nd5 d6 8. c4 Nd4 9. d3 c6 10. Nxe7+ Qxe7 11. h3 f5 12. Nxd4 exd4 13. Kh2 Be6 14. Bd2 Qd7 15. exf5 Bxf5 16. Qb3 Rf7 17. Rae1 Raf8 18. f4 h5 19. Bc1 Bh6 20. Qd1 Be6 21. b4 h4 22. a4 hxg3+ 23. Kxg3 Bf5 24. b5 Rh7 25. bxc6 bxc6 26. Qf3 Rc8 27. Kh2 Bg7 28. Qg3 Bf6 29. Re2 Kg7 30. Kg1 Rch8 31. Be4 Rxh3 32. Qg2 R3h4 33. Bxc6 Qc8 34. Bb7 Qb8 35. Bf3 Qc8 36. Qg3 Rh3 37. Qg2 Rh2 38. Qxh2 Rxh2 39. Rxh2 Qd7 40. Rd2 Qxa4 41. Be4 Bxe4 42. dxe4 Qxc4 43. Rg2 Kf7 44. f5 gxf5 45. exf5 d3 46. Be3 d5 47. Rff2 d4 48. Bf4 a5 49. Kh2 a4 50. Kh3 a3 51. Kg4 Qd5 52. Bc1 Qd6 53. Bf4 Qd5 54. Bc1 Qe4+ 0-1

[Event "Titled Tuesday intern op 19th Jan"]
[Site "Chess.com INT"]
[Date "2021.01.19"]
[Round "5"]
[White "Tirado Veliz, Henry Jose"]
[Black "Pert, Richard G"]
[Result "0-1"]
[WhiteElo "2080"]
[BlackElo "2416"]
[PlyCount "50"]
[EventDate "2021.01.19"]
[EventType "swiss (blitz)"]
[EventRounds "11"]
[EventCountry "USA"]
[SourceTitle "CBM 200 Extra"]
[Source "ChessBase"]
[SourceDate "2021.03.31"]
[SourceVersion "1"]
[SourceVersionDate "2021.03.31"]
[SourceQuality "1"]

1. e4 c5 2. Nc3 Nc6 3. f4 g6 4. Nf3 Bg7 5. g3 e6 6. Bg2 d5 7. e5 f6 8. exf6 Nxf6 9. 0-0 0-0 10. Ne2 c4 11. d4 cxd3 12. Qxd3 Ne4 13. c3 b6 14. Ned4 Nxd4 15. Nxd4 Nc5 16. Qd1 Ba6 17. Rf3 Qd6 18. Bf1 Bxf1 19. Rxf1 Ne4 20. Be3 e5 21. fxe5 Bxe5 22. Qe2 Bxg3 23. Rxf8+ Rxf8 24. Bh6 Rf2 25. Qb5 Bxh2+ 0-1

[Event "Titled Tuesday intern op 12th Jan"]
[Site "Chess.com INT"]
[Date "2021.01.12"]
[Round "3"]
[White "Crevatin, Leo"]
[Black "Tirado Veliz, Henry Jose"]
[Result "0-1"]
[WhiteElo "2171"]
[BlackElo "2080"]
[PlyCount "96"]
[EventDate "2021.01.12"]
[EventType "swiss (blitz)"]
[EventRounds "11"]
[EventCountry "USA"]
[SourceTitle "CBM 200 Extra"]
[Source "ChessBase"]
[SourceDate "2021.03.31"]
[SourceVersion "1"]
[SourceVersionDate "2021.03.31"]
[SourceQuality "1"]

1. d4 Nf6 2. c4 e5 3. dxe5 Ng4 4. e3 Nxe5 5. f4 Nec6 6. Nf3 Bc5 7. Nc3 0-0 8. Bd3 h6 9. 0-0 Re8 10. Re1 d6 11. Kh1 Nd7 12. a3 a5 13. Bd2 Nf6 14. h3 d5 15. Nxd5 Nxd5 16. cxd5 Qxd5 17. Bc3 Qh5 18. Kh2 Bxe3 19. Bd2 Qc5 20. Rc1 Qb6 21. Qc2 Bd7 22. Ne5 Bxd2 23. Qxd2 Nxe5 24. fxe5 Be6 25. Qe2 c6 26. Qe4 g6 27. Qf4 Kh7 28. Rf1 Qc7 29. Rce1 Qe7 30. Qf6 Qxf6 31. exf6 Rad8 32. Re3 Rd4 33. Rfe1 Red8 34. Bb1 R4d6 35. h4 h5 36. Re5 Kh6 37. Bc2 Rd2 38. R1e2 Rxe2 39. Rxe2 Rd4 40. Kg3 Rg4+ 41. Kf3 Bd5+ 42. Kf2 Rxg2+ 43. Ke1 Rxe2+ 44. Kxe2 g5 45. Ke3 gxh4 46. Kf4 h3 47. Be4 Bxe4 48. Kxe4 h2 0-1

[Event "Titled Tuesday intern op 12th Jan"]
[Site "Chess.com INT"]
[Date "2021.01.12"]
[Round "8"]
[White "Tirado Veliz, Henry Jose"]
[Black "Gonzalez, Francisco Silva"]
[Result "0-1"]
[WhiteElo "2080"]
[BlackElo "2049"]
[PlyCount "82"]
[EventDate "2021.01.12"]
[EventType "swiss (blitz)"]
[EventRounds "11"]
[EventCountry "USA"]
[SourceTitle "CBM 200 Extra"]
[Source "ChessBase"]
[SourceDate "2021.03.31"]
[SourceVersion "1"]
[SourceVersionDate "2021.03.31"]
[SourceQuality "1"]

1. e4 e5 2. Nc3 Nf6 3. g3 Bc5 4. Bg2 a6 5. Nge2 d6 6. 0-0 Nc6 7. d3 Bg4 8. h3 Be6 9. Be3 Qd7 10. Bxc5 dxc5 11. Kh2 g5 12. Qd2 h6 13. Nd1 0-0-0 14. Ne3 Nd4 15. c3 Nxe2 16. Qxe2 Qxd3 17. Qxd3 Rxd3 18. Rfd1 Rhd8 19. Nd5 Rxd1 20. Rxd1 Bxd5 21. exd5 Kd7 22. c4 Kd6 23. a4 b6 24. Bf3 e4 25. Be2 Re8 26. Kg2 h5 27. Re1 e3 28. f3 h4 29. gxh4 gxh4 30. Bd3 Nh5 31. Bf5 Nf4+ 32. Kh2 e2 33. Kg1 Rg8+ 34. Kf2 Ke5 35. Bc2 Rg3 36. Rh1 b5 37. axb5 axb5 38. b3 bxc4 39. bxc4 Kd4 40. Bb3 Kc3 41. Ba2 Kd2 0-1

[Event "Titled Tuesday intern op 12th Jan"]
[Site "Chess.com INT"]
[Date "2021.01.12"]
[Round "1"]
[White "Tirado Veliz, Henry Jose"]
[Black "Villegas, Pierre"]
[Result "0-1"]
[WhiteElo "2080"]
[BlackElo "2367"]
[PlyCount "132"]
[EventDate "2021.01.12"]
[EventType "swiss (blitz)"]
[EventRounds "11"]
[EventCountry "USA"]
[SourceTitle "CBM 200 Extra"]
[Source "ChessBase"]
[SourceDate "2021.03.31"]
[SourceVersion "1"]
[SourceVersionDate "2021.03.31"]
[SourceQuality "1"]

1. e4 c6 2. d4 d5 3. Nc3 b5 4. exd5 b4 5. Nb1 cxd5 6. Bd3 e6 7. a3 bxa3 8. Nxa3 Nf6 9. Nf3 Be7 10. 0-0 0-0 11. c3 Qb6 12. Nc2 a5 13. Re1 Ba6 14. Ne5 Nc6 15. Nxc6 Qxc6 16. Ne3 Rfc8 17. Bb1 Bb5 18. Qc2 g6 19. h3 a4 20. Ng4 Nxg4 21. hxg4 a3 22. Bd2 axb2 23. Rxa8 Rxa8 24. Qxb2 Bc4 25. Bf4 Bd6 26. Bh6 Rb8 27. Qd2 Bf8 28. Bf4 Rc8 29. Re3 Bg7 30. g5 Qb5 31. Bd3 Bxd3 32. Rxd3 Qb1+ 33. Kh2 Ra8 34. Qe2 Ra2 35. Rd2 Rxd2 36. Qxd2 f6 37. gxf6 Bxf6 38. g3 Qf5 39. Kg2 Kf7 40. f3 h5 41. Be3 g5 42. Bf2 g4 43. Qe3 Bg5 44. f4 Bf6 45. Qe2 Kg6 46. Qd2 Qe4+ 47. Kg1 Kf5 48. Qe3 h4 49. Qxe4+ Kxe4 50. gxh4 Kxf4 51. Kf1 g3 52. Be1 Kf3 53. h5 Bg5 54. Bxg3 Kxg3 55. Ke2 Kf4 56. Kd3 Bh6 57. c4 dxc4+ 58. Kxc4 Ke4 59. Kc5 Bf8+ 60. Kc4 Bg7 61. Kc5 Bxd4+ 62. Kd6 Kf5 63. h6 Bh8 64. h7 e5 65. Kd5 e4 66. Kc4 Kf4 0-1

[Event "Titled Tuesday intern op 15st Dec"]
[Site "Chess.com INT"]
[Date "2020.12.15"]
[Round "6"]
[White "Wiwatanadate, Poompong"]
[Black "Tirado Veliz, Henry Jose"]
[Result "1-0"]
[WhiteElo "2040"]
[BlackElo "2080"]
[PlyCount "79"]
[EventDate "2020.12.15"]
[EventType "swiss (blitz)"]
[EventRounds "11"]
[EventCountry "USA"]
[SourceTitle "CBM 199 Extra"]
[Source "ChessBase"]
[SourceDate "2021.01.31"]
[SourceVersion "1"]
[SourceVersionDate "2021.01.31"]
[SourceQuality "1"]

1. c4 c5 2. Nc3 Nc6 3. g3 g6 4. Bg2 Bg7 5. e4 e6 6. Nge2 Nge7 7. 0-0 0-0 8. Rb1 d6 9. a3 Nd4 10. b4 b6 11. e5 d5 12. cxd5 Nxd5 13. Nxd4 cxd4 14. Nxd5 exd5 15. f4 f6 16. exf6 Bxf6 17. d3 Bb7 18. Bd2 Rc8 19. Rc1 Rc3 20. Bxc3 dxc3 21. d4 Qc7 22. Qd3 Rc8 23. Bh3 Qc4 24. Qxc4 Rxc4 25. Rfd1 Bxd4+ 26. Kf1 Kf7 27. Ke2 Bf6 28. Bg2 Ke6 29. Kd3 Ba6 30. Kc2 d4 31. Bf1 b5 32. Bxc4+ bxc4 33. Re1+ Kd6 34. Re8 Bb5 35. Rce1 Ba4+ 36. Kb1 d3 37. R8e6+ Kd5 38. Rxf6 d2 39. Re5+ Kd4 40. Rd6# 1-0